Partial differential equations /

Guardado en:
Autor Principal: John, Fritz, 1910-
Formato: Libro
Idioma:English
Publicado: [New York] : [Courant Institute], New York University, 1952-1953.
Etiquetas: Agregar Etiqueta
Sin Etiquetas, Sea el primero en etiquetar este registro!
LEADER 00429nam a22001335a 4500
001 MAT.inmabb001380
008 031124m19521953nyu###########000#0#eng#d
005 20130315124512.0
245 1 0 |a Partial differential equations /  |c Fritz John. 
260 |a [New York] :  |b [Courant Institute], New York University,  |c 1952-1953. 
300 |a 211 p. ;  |c 28 cm. 
100 1 |a John, Fritz,  |d 1910- 
084 |a 35  |2 msc2000 
859 |h 35  |i J65  |p A-1643  |b BIB. MATEMATICA